|
|
|
|
| LEADER |
00955nam a2200229 i 4500 |
| 001 |
c000001302 |
| 003 |
CARM |
| 005 |
00000000000000.0 |
| 008 |
800603s1980 at s00000 eng d |
| 019 |
1 |
|
|a 2573286
|5 LACONCORD2021
|
| 035 |
|
|
|a (OCoLC)220319909
|5 LACONCORD2021
|
| 042 |
|
|
|a anuc
|
| 110 |
0 |
0 |
|a Pharmacy Board of Victoria.
|b Therapeutic Substances Advisory Committee.
|
| 245 |
1 |
0 |
|a Report and recommendations of the Theraputic Substances Advisory Committee on the role of pharmacists in supplying non-prescription medicines.
|
| 260 |
|
|
|a Parkville,Vic., :
|b The Board,
|c 1980.
|
| 300 |
|
|
|a 23p. ;
|c 29cm.
|
| 650 |
|
0 |
|a Pharmacy
|x Vocational guidance.
|
| 650 |
|
0 |
|a Pharmacist and patient.
|
| 852 |
8 |
|
|b CARM
|h A2:AD12C0
|i D00077
|p 0005052
|f BK
|
| 082 |
0 |
4 |
|a 615.4023
|
| 999 |
f |
f |
|i 03a670ea-7243-5bec-b5ac-13e3aa01d6f0
|s b97c6c4d-a868-5b92-9dda-89e674a1166e
|
| 952 |
f |
f |
|p Can circulate
|a CAVAL
|b CAVAL
|c CAVAL
|d CARM 1 Store
|e D00077
|f A2:AD12C0
|h Other scheme
|i book
|m 0005052
|